000 00536nam a2200121Ia 4500
008 171212s9999 xx 000 0 und d
020 _a9780833090324
100 _aSchmidt, Lara;O'Connell, Caolionn;Miyake, Hirokazu;Shah, Akhil R.;Baron, Joshua
245 _cSchmidt, Lara;O'Connell, Caolionn;Miyake, Hirokazu;Shah, Akhil R.;Baron, Joshua
_aCyber Practices
_bWhat Can the U.S. Air Force Learn from the Commercial Sector?
260 _bRAND Corporation
_c2015
650 _aHistory
856 _uhttp://jstor.org/stable/10.7249/j.ctt19rmczn
999 _c351918
_d351918